[Event "Cesenatico Open 2019"]
[Site "Cesenatico"]
[Date "2019.09.05"]
[Round "6"]
[White "Di Benedetto, Edoardo"]
[Black "Djuric, Stefan"]
[Result "1/2-1/2"]
[WhiteElo "2405"]
[BlackElo "2358"]
[Annotator "TA"]
[PlyCount "106"]
[EventDate "2019.09.01"]
[EventType "swiss"]
[EventCountry "ITA"]
[SourceTitle "playchess.com"]
[Source "ChessBase"]
[SourceQuality "1"]

{[%evp 19,106,0,18,-10,-6,-19,-18,-31,10,9,14,19,21,-12,0,-23,0,-22,-22,-38,-33,-19,0,0,0,0,0,-8,27,27,24,0,0,0,14,0,0,0,0,0,14,0,27,0,27,27,43,0,0,0,0,0,0,0,0,0,0,0,0,0,0,-352,-347,-295,-194,-297,-311,-366,-383,-383,-383,-363,-353,-243,0,0,0,0,0,0,0,0,0,0,0,0,0,0,0]} 1. d4 Nf6 2. c4 e6 3. Nc3 Bb4 4. e3 O-O 5. Bd3 c5 6. Nge2 Nc6 7. O-O d5 8. a3 Bxc3 9. bxc3 dxc4 10. Bxc4 Qc7 11. a4 {E49: Nimzo-Indian: Rubinstein: 5 Bd3 d5 6 a3 Bxc3+ 7 bxc3} (11. Ba2 b6 12. Bb2 Ba6 {½-½ (12) Andreikin,D (2720)-Karjakin,S (2762) Baku 2015}) 11... Rd8 12. Ba3 b6 13. Bd3 e5 14. Qc2 Bb7 $146 ({Predecessor:} 14... Na5 15. dxe5 Qxe5 16. c4 Rxd3 17. Qxd3 Be6 18. Qc3 {½-½ (26) Nemeth,L-Rahde,F LSS email 2007}) 15. dxc5 bxc5 16. e4 Na5 {And now ...c4 would win.} 17. c4 Qd6 18. Rad1 Nc6 19. Qb1 Rab8 20. Nc3 a6 21. Nd5 Nd4 {[%cal Rb7d5]} 22. Qa2 Bc6 23. Rb1 Nd7 24. a5 Ba4 25. Rxb8 Rxb8 26. Rb1 Rb3 27. Rxb3 (27. Bc1 {is more complex.} Qb8 28. Rxb3 Bxb3 29. Qb1 Nf8 30. f4) 27... Bxb3 28. Qd2 h6 29. Bb2 Kf8 30. Bc3 Ba4 31. Qb2 Bc6 32. Qa3 h5 33. f4 h4 34. Bxd4 exd4 35. e5 Qh6 36. Bf5 {Strongly threatening Bxd7.} Qh5 $1 {[%cal Rh5f5]} 37. Qd3 g6 38. Bxd7 Bxd7 39. Nf6 Qf5 40. Qd2 $2 {[%mdl 8192] [#]} (40. Qb3 $11 {and White has nothing to worry.}) 40... Qb1+ $1 $19 41. Kf2 Bf5 42. Qe1 (42. e6 $142) 42... Qc2+ 43. Kg1 {intending h3.} h3 ({Not} 43... Qxc4 44. h3 $17) 44. gxh3 Bxh3 {[%csl Gh3][%cal Rc2g2]} 45. Qe4 {White threatens Qa8+ and mate.} Qc1+ 46. Kf2 {[#] Threatening mate with Qa8+.} Kg7 $2 (46... Qf1+ $1 $19 47. Kg3 Bc8) 47. Ne8+ $1 $11 {The position is equal.} Kh6 {...Qf1+ is the strong threat.} 48. f5 $1 {[%cal Re4h4]} Qd2+ 49. Kg3 {[%cal Re4h4]} Qc3+ {[%mdl 64] Double Attack} 50. Kf2 $1 {[%cal Re4h4]} Qd2+ ({And not} 50... gxf5 51. Qh4+ Kg6 52. Qf6+ Kh5 53. Ng7+ Kg4 54. Qxf5+ Kh4 55. Qh5#) 51. Kg3 {[%cal Re4h4]} Qc3+ {[%mdl 64] Double Attack} 52. Kf2 $1 {[%cal Re4h4]} Qd2+ ({Inferior is} 52... gxf5 53. Qh4+ Kg6 54. Qf6+ {[%mdl 64] Double Attack} Kh5 55. Ng7+ {[%mdl 64] Double Attack} Kg4 56. Qxf5+ Kh4 57. Qh5#) 53. Kg3 {[%cal Re4h4]} Qc3+ {[%mdl 64] Double Attack. Accuracy: White = 49%, Black = 60%.} 1/2-1/2

[Event "Cesenatico Open 2019"]
[Site "Cesenatico"]
[Date "2019.09.05"]
[Round "6"]
[White "Genocchio, Daniele"]
[Black "Mrdja, Milan"]
[Result "1/2-1/2"]
[WhiteElo "2354"]
[BlackElo "2279"]
[Annotator "TA"]
[PlyCount "39"]
[EventDate "2019.09.01"]
[EventType "swiss"]
[EventCountry "ITA"]
[SourceTitle "playchess.com"]
[Source "ChessBase"]
[SourceQuality "1"]

{[%evp 15,39,37,29,30,37,31,47,12,45,41,45,56,60,46,56,29,43,12,23,0,0,0,7,-6,8,-374]} 1. Nf3 g6 2. e4 Bg7 3. d4 d6 4. Nc3 Nf6 5. Be2 O-O 6. O-O c6 7. Re1 Qc7 8. a4 e5 9. dxe5 {B08: Pirc Defence: Classical System} (9. h3 Nbd7 10. dxe5 dxe5 11. Be3 Nh5 12. Bc4 Nf4 13. Qc1 h6 14. a5 Re8 15. Bb3 Qd6 16. Ne2 g5 17. Ng3 Nc5 {0-1 (34) Li,C (2724)-Sjugirov,S (2663) Qinhuangdao 2018}) 9... dxe5 10. Bc4 h6 11. h3 {White is slightly better.} Re8 12. Be3 Be6 $146 ({Predecessor:} 12... Nh5 13. Bc5 Rd8 14. Qc1 Nd7 15. Ba3 Nb6 16. Bb3 Nf4 17. a5 {1-0 (26) Kovachev,D (2190)-Olcum,A Kemer 2007}) 13. Bxe6 Rxe6 14. Qd2 Kh7 15. Rad1 Nbd7 16. Nh2 Nf8 17. Qe2 Re7 {The position is equal.} 18. Qc4 b6 19. Qe2 Rae8 20. Bc5 $2 {[%mdl 40960] Accuracy: White = 32%, Black = 41%. . An unexpected result.} (20. b4 $11 {and White is okay.}) 1/2-1/2

[Event "Cesenatico Open 2019"]
[Site "Cesenatico"]
[Date "2019.09.05"]
[Round "6"]
[White "Friedrich, Norbert"]
[Black "Brancaleoni, Maurizio"]
[Result "1/2-1/2"]
[WhiteElo "2306"]
[BlackElo "2202"]
[Annotator "TA"]
[PlyCount "47"]
[EventDate "2019.09.01"]
[EventType "swiss"]
[EventCountry "ITA"]
[SourceTitle "playchess.com"]
[Source "ChessBase"]
[SourceQuality "1"]

{[%evp 11,47,38,41,34,32,31,28,28,23,20,23,31,63,65,68,62,71,62,84,21,58,47,45,33,14,0,0,2,0,0,3,2,8,0,0,0,24,17]} 1. e4 e5 2. Nf3 Nf6 3. Nxe5 d6 4. Nf3 Nxe4 5. Nc3 Nf6 6. d4 Be7 7. h3 {C42: Petroff Defence: 3 Nxe5 and unusual White 3rd moves} (7. Bd3 O-O 8. O-O Nc6 9. d5 Nb4 10. Be2 c6 11. dxc6 bxc6 12. a3 Nbd5 13. Nxd5 Nxd5 14. Nd4 Bd7 15. Bf3 Rc8 16. Bxd5 cxd5 {1-0 (47) Caruana,F (2828)-Lenderman,A (2637) Saint Louis 2019}) 7... O-O 8. Bd3 a6 9. O-O b5 {[%cal Bb7b5,Bb5b4][%mdl 32]} 10. a4 b4 11. Ne2 $146 ({Predecessor:} 11. Ne4 Bb7 12. Ng3 Re8 13. Re1 h6 14. Be3 Bf8 15. Nh2 Nbd7 {1-0 (55) Collins,S (2381)-Gwaze,R (2335) Edinburgh 2003}) 11... Nh5 12. Nf4 Nxf4 13. Bxf4 Nd7 14. Re1 {[#] aiming for Qe2.} Bb7 15. Nh2 ({Better is} 15. c3 $16) 15... Nf6 16. Ng4 Nd5 17. Bd2 Bg5 18. Nh2 Bxd2 19. Qxd2 a5 20. Be4 Qc8 21. Nf1 Nf6 22. Bxb7 Qxb7 23. Ne3 Qe4 24. Ng4 {Accuracy: White = 58%, Black = 58%.} 1/2-1/2

[Event "Cesenatico Open 2019"]
[Site "Cesenatico"]
[Date "2019.09.05"]
[Round "6"]
[White "Loiacono, Leonardo"]
[Black "Carbone, Stefano"]
[Result "1-0"]
[WhiteElo "2293"]
[BlackElo "2138"]
[Annotator "ChessBase"]
[PlyCount "127"]
[EventDate "2019.09.01"]
[EventType "swiss"]
[EventCountry "ITA"]
[SourceTitle "playchess.com"]
[Source "ChessBase"]
[SourceQuality "1"]
[TimeControl "40/6000:900"]

1. d4 {[%emt 0:00:00]} d5 {[%emt 0:00:00]} 2. c4 {[%emt 0:00:00]} c6 {[%emt 0:00:00]} 3. Nc3 {[%emt 0:00:00]} Nf6 {[%emt 0:00:00]} 4. Nf3 {[%emt 0:00:00]} a6 5. g3 {[%emt 0:00:00]} dxc4 {[%emt 0:03:00]} 6. Bg2 e6 {[%emt 0:00:00]} 7. Ne5 {[%emt 0:00:00]} c5 {[%emt 0:01:00]} 8. dxc5 {[%emt 0:04:00]} Qxd1+ {[%emt 0:00:00]} 9. Nxd1 {[%emt 0:00:00]} Bxc5 {[%emt 0:00:00]} 10. Nxc4 {[%emt 0:00:00]} Nc6 {[%emt 0:05:00]} 11. Bxc6+ {[%emt 0:02:00]} bxc6 12. Be3 {[%emt 0:00:00]} Bxe3 {[%emt 0:10:00]} 13. Ndxe3 {[%emt 0:16:00]} Ke7 {[%emt 0:03:00]} 14. f3 {[%emt 0:00:00]} Bd7 {[%emt 0:12:00]} 15. Kf2 {[%emt 0:00:00]} Rhd8 {[%emt 0:02:00]} 16. Rhd1 {[%emt 0:00:00]} Be8 {[%emt 0:00:00]} 17. Rxd8 {[%emt 0:00:00]} Rxd8 {[%emt 0:00:00]} 18. Rc1 {[%emt 0:00:00]} Rb8 {[%emt 0:31:00]} 19. Nc2 {[%emt 0:00:00]} c5 {[%emt 0:00:00]} 20. e4 {[%emt 0:34:00]} Bb5 {[%emt 0:00:00]} 21. N2e3 {[%emt 0:00:00]} Bxc4 {[%emt 0:00:00]} 22. Nxc4 {[%emt 0:00:00]} Nd7 {[%emt 0:00:00]} 23. b3 {[%emt 0:00:00]} f6 {[%emt 0:00:00]} 24. Ke3 {[%emt 0:00:00]} Rb5 {[%emt 0:00:00]} 25. Rc3 {[%emt 0:00:00]} Rb8 {[%emt 0:00:00]} 26. h4 {[%emt 0:00:00]} h5 {[%emt 0:03:00]} 27. Kd2 {[%emt 0:20:00]} Rg8 {[%emt 0:06:00]} 28. Ke2 {[%emt 0:00:00]} Rb8 {[%emt 0:00:00]} 29. Rc2 {[%emt 0:00:00]} Rb7 {[%emt 0:04:45]} 30. Nb2 {[%emt 0:00:00]} Rb8 {[%emt 0:00:00]} 31. Nd3 {[%emt 0:00:00]} Kd6 {[%emt 0:00:39]} 32. Nf4 {[%emt 0:11:21]} e5 {[%emt 0:05:57]} 33. Rd2+ {[%emt 0:00:00]} Ke7 {[%emt 0:00:00]} 34. Nd5+ {[%emt 0:00:00]} Kd8 {[%emt 0:01:09]} 35. g4 {[%emt 0:00:00]} hxg4 36. fxg4 {[%emt 0:00:00]} Rb7 {[%emt 0:00:00]} 37. h5 Ke8 {[%emt 0:00:00]} 38. Kd3 {[%emt 0:00:00]} Kf7 {[%emt 0:00:00]} 39. Kc4 {[%emt 0:00:00]} Ke6 {[%emt 0:00:02]} 40. Rh2 {[%emt 0:01:45]} Kf7 {[%emt 0:00:00]} 41. Rh3 {[%emt 0:00:00]} Kf8 {[%emt 0:19:35]} 42. Rf3 {[%emt 0:00:00]} Kf7 {[%emt 0:00:00]} 43. g5 {[%emt 0:00:00]} Ke6 {[%emt 0:00:00]} 44. h6 {[%emt 0:00:00]} gxh6 {[%emt 0:00:49]} 45. gxh6 Rb8 {[%emt 0:00:00]} 46. Rh3 {[%emt 0:00:00]} Rh8 {[%emt 0:00:00]} 47. Ne3 {[%emt 0:00:00]} Rc8 {[%emt 0:01:25]} 48. Kc3 {[%emt 0:22:52]} Nb6 {[%emt 0:01:37]} 49. Rg3 {[%emt 0:00:00]} Rh8 {[%emt 0:00:00]} 50. Nf5 {[%emt 0:00:00]} Rh7 {[%emt 0:00:00]} 51. Rg8 {[%emt 0:00:00]} Kf7 {[%emt 0:00:00]} 52. Rb8 {[%emt 0:00:00]} Nd7 {[%emt 0:00:00]} 53. Ra8 Kg6 {[%emt 0:00:00]} 54. Rxa6 {[%emt 0:00:00]} Nf8 {[%emt 0:00:00]} 55. Rc6 {[%emt 0:00:00]} Kg5 {[%emt 0:00:00]} 56. Rxc5 {[%emt 0:00:00]} Kf4 {[%emt 0:00:00]} 57. Rc6 {[%emt 0:00:00]} Kxe4 {[%emt 0:00:00]} 58. Rxf6 {[%emt 0:00:00]} Nd7 {[%emt 0:00:00]} 59. Nd6+ {[%emt 0:00:00]} Kd5 60. Rf7 {[%emt 0:00:00]} Rxh6 {[%emt 0:00:00]} 61. Rxd7 Kc6 {[%emt 0:00:00]} 62. Rd8 {[%emt 0:00:00]} Kc7 {[%emt 0:00:00]} 63. Nf7 {[%emt 0:00:00]} Rf6 {[%emt 0:00:00]} 64. Rf8 {[%emt 0:00:00]} 1-0

[Event "Cesenatico Open 2019"]
[Site "Cesenatico"]
[Date "2019.09.05"]
[Round "6"]
[White "Stromboli, Carlo"]
[Black "Schaefer, Michael"]
[Result "1-0"]
[WhiteElo "2270"]
[BlackElo "2181"]
[Annotator "ChessBase"]
[PlyCount "109"]
[EventDate "2019.09.01"]
[EventType "swiss"]
[EventCountry "ITA"]
[SourceTitle "playchess.com"]
[Source "ChessBase"]
[SourceQuality "1"]
[TimeControl "40/6000:900"]

1. e4 {[%emt 0:06:00]} d6 {[%emt 0:00:00]} 2. d4 {[%emt 0:00:00]} Nf6 {[%emt 0:06:00]} 3. Nc3 {[%emt 0:00:00]} e5 {[%emt 0:00:00]} 4. Nf3 {[%emt 0:01:00]} Nbd7 {[%emt 0:00:00]} 5. Bc4 {[%emt 0:02:00]} Be7 {[%emt 0:00:00]} 6. O-O {[%emt 0:00:00]} O-O {[%emt 0:00:00]} 7. Re1 {[%emt 0:01:00]} c6 {[%emt 0:00:00]} 8. a4 b6 {[%emt 0:00:00]} 9. b3 {[%emt 0:07:00]} a6 {[%emt 0:00:00]} 10. Bb2 {[%emt 0:00:00]} Bb7 {[%emt 0:02:00]} 11. Bf1 {[%emt 0:07:00]} Re8 {[%emt 0:21:00]} 12. Qd2 {[%emt 0:05:00]} Bf8 {[%emt 0:00:00]} 13. Rad1 {[%emt 0:01:00]} Qc7 {[%emt 0:00:00]} 14. h3 {[%emt 0:14:00]} g6 {[%emt 0:00:00]} 15. Qg5 {[%emt 0:00:00]} Bg7 {[%emt 0:06:00]} 16. dxe5 {[%emt 0:20:00]} Nxe5 {[%emt 0:05:00]} 17. Nxe5 {[%emt 0:00:00]} dxe5 {[%emt 0:01:00]} 18. Ba3 {[%emt 0:13:00]} Rad8 {[%emt 0:38:00]} 19. Qe3 {[%emt 0:02:00]} Bf8 {[%emt 0:00:00]} 20. Bxf8 {[%emt 0:01:16]} Kxf8 {[%emt 0:00:00]} 21. Qh6+ {[%emt 0:18:22]} Kg8 {[%emt 0:00:00]} 22. Rd3 {[%emt 0:00:00]} Rxd3 {[%emt 0:00:00]} 23. Bxd3 {[%emt 0:00:00]} Nd7 24. h4 {[%emt 0:00:00]} Qd6 {[%emt 0:00:00]} 25. h5 {[%emt 0:00:00]} Qf8 {[%emt 0:00:00]} 26. Qg5 {[%emt 0:00:00]} Qe7 {[%emt 0:00:00]} 27. Qg3 {[%emt 0:00:00]} Kg7 {[%emt 0:00:00]} 28. Nd1 {[%emt 0:00:00]} Nc5 {[%emt 0:00:00]} 29. Bc4 {[%emt 0:00:44]} b5 {[%emt 0:00:00]} 30. axb5 {[%emt 0:00:00]} axb5 {[%emt 0:00:00]} 31. Bf1 {[%emt 0:00:00]} Qf6 {[%emt 0:00:00]} 32. Qe3 {[%emt 0:00:00]} Qe7 {[%emt 0:00:00]} 33. g3 {[%emt 0:00:00]} Ne6 34. Bd3 {[%emt 0:00:00]} Qc5 {[%emt 0:00:00]} 35. Qd2 {[%emt 0:00:00]} Qe7 {[%emt 0:00:00]} 36. Kg2 {[%emt 0:00:00]} Qg5 {[%emt 0:00:00]} 37. Qxg5 {[%emt 0:00:00]} Nxg5 {[%emt 0:00:00]} 38. hxg6 {[%emt 0:00:01]} hxg6 {[%emt 0:00:00]} 39. Nc3 {[%emt 0:00:00]} Ra8 {[%emt 0:00:00]} 40. f3 Ne6 41. Rh1 {[%emt 0:03:21]} Nc5 {[%emt 0:00:00]} 42. Rd1 {[%emt 0:07:33]} Kf6 {[%emt 0:04:00]} 43. Kf2 {[%emt 0:00:00]} Ke7 {[%emt 0:01:00]} 44. Ke3 {[%emt 0:00:26]} Bc8 {[%emt 0:01:00]} 45. Bxb5 {[%emt 0:01:40]} cxb5 {[%emt 0:00:00]} 46. Nd5+ {[%emt 0:00:00]} Kf8 {[%emt 0:00:00]} 47. Nb6 {[%emt 0:00:00]} Ra2 {[%emt 0:04:00]} 48. Rd8+ Kg7 {[%emt 0:00:00]} 49. Rxc8 {[%emt 0:00:00]} Rxc2 {[%emt 0:23:32]} 50. b4 {[%emt 0:00:09]} Rc3+ {[%emt 0:00:00]} 51. Kd2 {[%emt 0:00:00]} Nxe4+ {[%emt 0:00:00]} 52. fxe4 {[%emt 0:00:00]} Rxg3 {[%emt 0:00:00]} 53. Rc5 {[%emt 0:00:00]} f6 {[%emt 0:00:00]} 54. Rxb5 {[%emt 0:00:00]} g5 {[%emt 0:00:00]} 55. Nd5 {[%emt 0:00:00]} 1-0

[Event "Cesenatico Open 2019"]
[Site "Cesenatico"]
[Date "2019.09.05"]
[Round "6"]
[White "Damia, Angelo"]
[Black "Schacher, Gerd"]
[Result "1-0"]
[WhiteElo "2240"]
[BlackElo "2311"]
[Annotator "TA"]
[PlyCount "61"]
[EventDate "2019.09.01"]
[EventType "swiss"]
[EventCountry "ITA"]
[SourceTitle "playchess.com"]
[Source "ChessBase"]
[SourceQuality "1"]

{[%evp 11,61,-10,1,0,6,11,23,0,-14,-22,0,0,0,0,42,16,40,42,94,94,94,94,94,91,100,106,127,132,220,138,254,255,285,275,317,337,340,324,340,333,305,328,324,265,345,340,339,329,392,400,379,389]} 1. e4 c5 2. Nf3 d6 3. d4 cxd4 4. Nxd4 Nf6 5. Nc3 a6 6. Rg1 e5 7. Nb3 {B90: Sicilian Najdorf: Unusual White 6th moves, 6 Be3 Ng4 and 6 Be3 e5} h5 8. Bg5 Be6 9. Nd5 $146 {White has an edge.} ({Predecessor:} 9. Bxf6 Qxf6 10. Nd5 Qd8 11. Qd2 Nd7 12. O-O-O g6 13. Kb1 Rc8 14. g3 Bxd5 15. Qxd5 {1-0 (40) Pridorozhni,A (2579)-Shevchenko,K (2447) St Petersburg 2016}) 9... Nbd7 10. Bc4 Be7 11. Nxe7 Qxe7 12. Qd3 Nb6 13. Na5 $36 {[%mdl 2048] White has good play.} Nxc4 14. Nxc4 d5 ({Black should play} 14... Bxc4 $14 15. Qxc4 Qe6 16. Qxe6+ fxe6) 15. exd5 $16 Bxd5 {[#]} 16. Qxd5 $1 {[%mdl 512]} Nxd5 17. Bxe7 Kxe7 18. Nxe5 Nb4 19. O-O-O {Rge1 is the strong threat.} Rac8 (19... Rhd8 $16) 20. c3 Rh6 {[#]} (20... Nc6 $16) 21. Rge1 $1 $18 {White wants to mate with Ng6+!} Kf8 22. Rd7 Rf6 23. Rxb7 {aiming for Nd7+.} Nxa2+ 24. Kb1 {And now Nd7+ would win.} Nxc3+ 25. bxc3 {Hoping for Nd7+.} Rxf2 26. Rb2 Rf5 27. Re3 f6 28. Nf3 g5 29. Rb6 g4 30. Nd4 Rf2 31. Re2 {Accuracy: White = 78%, Black = 26%.} 1-0

[Event "Cesenatico Open 2019"]
[Site "Cesenatico"]
[Date "2019.09.05"]
[Round "6"]
[White "Di Trapani, Davide"]
[Black "Dragojlovic, Andjelko"]
[Result "1/2-1/2"]
[WhiteElo "2181"]
[BlackElo "2293"]
[Annotator "ChessBase"]
[PlyCount "49"]
[EventDate "2019.09.01"]
[EventType "swiss"]
[EventCountry "ITA"]
[SourceTitle "playchess.com"]
[Source "ChessBase"]
[SourceQuality "1"]
[TimeControl "40/6000:900"]

1. d4 {[%emt 0:00:00]} g6 {[%emt 0:03:00]} 2. e4 {[%emt 0:01:00]} Bg7 {[%emt 0:00:00]} 3. Nf3 {[%emt 0:00:00]} c5 {[%emt 0:01:00]} 4. Be3 {[%emt 0:00:00]} Nf6 5. Nc3 {[%emt 0:00:00]} Qa5 {[%emt 0:09:00]} 6. Qd2 cxd4 {[%emt 0:00:00]} 7. Nxd4 {[%emt 0:05:00]} Nc6 {[%emt 0:00:00]} 8. Nb3 Qd8 {[%emt 0:00:00]} 9. Be2 {[%emt 0:01:00]} O-O {[%emt 0:00:00]} 10. O-O-O {[%emt 0:09:00]} a5 {[%emt 0:01:00]} 11. a4 {[%emt 0:02:00]} d6 {[%emt 0:05:00]} 12. Bh6 {[%emt 0:01:00]} Be6 {[%emt 0:00:00]} 13. Bxg7 {[%emt 0:05:00]} Kxg7 {[%emt 0:00:00]} 14. Nd4 {[%emt 0:02:00]} Qb6 {[%emt 0:01:00]} 15. Nxe6+ fxe6 {[%emt 0:00:00]} 16. Bc4 {[%emt 0:06:00]} e5 {[%emt 0:00:00]} 17. f3 {[%emt 0:01:00]} Nd4 {[%emt 0:05:00]} 18. Nb5 {[%emt 0:06:00]} Nxb5 19. Bxb5 {[%emt 0:00:00]} Rac8 {[%emt 0:00:00]} 20. Kb1 {[%emt 0:00:00]} Rc5 {[%emt 0:03:00]} 21. g4 {[%emt 0:18:00]} Rfc8 {[%emt 0:04:00]} 22. c3 {[%emt 0:00:00]} Ng8 {[%emt 0:09:00]} 23. g5 {[%emt 0:11:00]} Rf8 {[%emt 0:00:00]} 24. h4 {[%emt 0:03:00]} Rcc8 {[%emt 0:16:00]} 25. h5 {[%emt 0:10:33]} 1/2-1/2

[Event "Cesenatico Open 2019"]
[Site "Cesenatico"]
[Date "2019.09.05"]
[Round "6"]
[White "Drei, Andrea"]
[Black "Dittmar, Peter"]
[Result "1/2-1/2"]
[WhiteElo "2137"]
[BlackElo "2259"]
[Annotator "ChessBase"]
[PlyCount "50"]
[EventDate "2019.09.01"]
[EventType "swiss"]
[EventCountry "ITA"]
[SourceTitle "playchess.com"]
[Source "ChessBase"]
[SourceQuality "1"]
[TimeControl "40/6000:900"]

1. e4 {[%emt 0:01:00]} e6 {[%emt 0:01:00]} 2. d4 {[%emt 0:00:00]} d5 {[%emt 0:00:00]} 3. Nd2 {[%emt 0:00:00]} a6 {[%emt 0:00:00]} 4. Ngf3 {[%emt 0:01:00]} c5 5. exd5 {[%emt 0:01:00]} exd5 {[%emt 0:00:00]} 6. Be2 {[%emt 0:00:00]} Nc6 {[%emt 0:00:00]} 7. O-O {[%emt 0:01:00]} Bd6 {[%emt 0:00:00]} 8. Re1 {[%emt 0:01:00]} Nge7 {[%emt 0:00:00]} 9. dxc5 {[%emt 0:00:00]} Bxc5 {[%emt 0:04:00]} 10. Nb3 {[%emt 0:00:00]} Ba7 {[%emt 0:00:00]} 11. h3 {[%emt 0:09:00]} O-O {[%emt 0:00:00]} 12. Bd3 {[%emt 0:01:00]} Nf5 {[%emt 0:00:00]} 13. Bxf5 {[%emt 0:00:00]} Bxf5 {[%emt 0:00:00]} 14. Be3 {[%emt 0:04:00]} Bxe3 {[%emt 0:01:00]} 15. Rxe3 {[%emt 0:00:00]} Qb6 {[%emt 0:01:00]} 16. Qd2 {[%emt 0:06:00]} Rad8 {[%emt 0:26:00]} 17. c3 {[%emt 0:08:00]} Be4 {[%emt 0:00:00]} 18. Nbd4 {[%emt 0:23:00]} Na5 {[%emt 0:00:00]} 19. b3 {[%emt 0:04:00]} Nc6 {[%emt 0:00:00]} 20. Rae1 {[%emt 0:00:00]} h6 {[%emt 0:00:00]} 21. Rd1 {[%emt 0:05:00]} Rc8 {[%emt 0:00:00]} 22. Nxc6 {[%emt 0:06:00]} bxc6 {[%emt 0:00:00]} 23. b4 {[%emt 0:04:00]} a5 {[%emt 0:00:00]} 24. a3 {[%emt 0:00:00]} axb4 {[%emt 0:00:00]} 25. axb4 {[%emt 0:01:00]} Bxf3 1/2-1/2

[Event "Cesenatico Open 2019"]
[Site "Cesenatico"]
[Date "2019.09.06"]
[Round "7"]
[White "Schacher, Gerd"]
[Black "Voltolini, Giuseppe"]
[Result "0-1"]
[WhiteElo "2311"]
[BlackElo "2115"]
[Annotator "ChessBase"]
[PlyCount "66"]
[EventDate "2019.09.01"]
[EventType "swiss"]
[EventCountry "ITA"]
[SourceTitle "playchess.com"]
[Source "ChessBase"]
[SourceQuality "1"]
[TimeControl "40/6000:900"]

1. c4 {[%emt 0:00:00]} Nf6 {[%emt 0:00:00]} 2. Nc3 {[%emt 0:00:00]} e6 {[%emt 0:00:00]} 3. Nf3 {[%emt 0:00:00]} d5 {[%emt 0:00:00]} 4. e3 {[%emt 0:01:00]} c5 5. cxd5 {[%emt 0:00:00]} exd5 {[%emt 0:05:00]} 6. d4 a6 {[%emt 0:00:00]} 7. Be2 {[%emt 0:04:00]} Nc6 {[%emt 0:04:00]} 8. Ne5 {[%emt 0:10:00]} Be7 {[%emt 0:06:00]} 9. Qa4 {[%emt 0:22:00]} c4 {[%emt 0:07:00]} 10. Nxc6 {[%emt 0:20:00]} bxc6 {[%emt 0:00:00]} 11. e4 {[%emt 0:00:00]} Bd7 12. e5 {[%emt 0:01:00]} Ng8 {[%emt 0:20:00]} 13. O-O {[%emt 0:01:00]} h5 14. Qd1 {[%emt 0:07:00]} g6 {[%emt 0:04:00]} 15. b3 cxb3 {[%emt 0:00:00]} 16. axb3 {[%emt 0:03:00]} a5 {[%emt 0:00:00]} 17. Na4 Nh6 {[%emt 0:01:00]} 18. Bxh6 {[%emt 0:06:00]} Rxh6 19. Qc1 {[%emt 0:05:00]} Rh8 {[%emt 0:03:00]} 20. Nc5 {[%emt 0:00:52]} Qb6 21. Qc3 {[%emt 0:05:45]} Bf5 {[%emt 0:31:46]} 22. Ra4 Rb8 {[%emt 0:11:03]} 23. Rxa5 {[%emt 0:02:32]} Kf8 24. Bd1 {[%emt 0:06:11]} Kg7 {[%emt 0:01:19]} 25. Qa1 Rhc8 {[%emt 0:00:51]} 26. b4 {[%emt 0:00:39]} Bxc5 27. dxc5 {[%emt 0:02:09]} Qxb4 {[%emt 0:00:23]} 28. e6+ Qb2 {[%emt 0:00:00]} 29. Qxb2+ {[%emt 0:00:10]} Rxb2 30. exf7 {[%emt 0:00:00]} Kxf7 {[%emt 0:00:00]} 31. f3 Re8 {[%emt 0:00:00]} 32. Ra3 {[%emt 0:00:19]} Rd2 {[%emt 0:03:52]} 33. g4 {[%emt 0:00:37]} Bd3 {[%emt 0:00:00]} 0-1

[Event "Cesenatico Open 2019"]
[Site "Cesenatico"]
[Date "2019.09.06"]
[Round "7"]
[White "Dragojlovic, Andjelko"]
[Black "Damia, Angelo"]
[Result "0-1"]
[WhiteElo "2293"]
[BlackElo "2240"]
[Annotator "ChessBase"]
[PlyCount "62"]
[EventDate "2019.09.01"]
[EventType "swiss"]
[EventCountry "ITA"]
[SourceTitle "playchess.com"]
[Source "ChessBase"]
[SourceQuality "1"]
[TimeControl "40/6000:900"]

1. e4 {[%emt 0:06:00]} Nc6 {[%emt 0:01:00]} 2. Nc3 {[%emt 0:01:00]} e5 {[%emt 0:08:00]} 3. Bc4 {[%emt 0:02:00]} Nf6 {[%emt 0:00:00]} 4. d3 {[%emt 0:00:00]} Na5 5. Qf3 {[%emt 0:02:00]} Nxc4 {[%emt 0:00:00]} 6. dxc4 {[%emt 0:00:00]} Bb4 {[%emt 0:00:00]} 7. Nge2 {[%emt 0:00:00]} d6 {[%emt 0:00:00]} 8. Bg5 {[%emt 0:07:00]} Bg4 {[%emt 0:02:00]} 9. Bxf6 {[%emt 0:09:00]} Bxf3 10. Bxd8 {[%emt 0:00:00]} Bxe2 {[%emt 0:00:00]} 11. Kxe2 {[%emt 0:00:00]} Kxd8 {[%emt 0:02:00]} 12. Nd5 {[%emt 0:05:00]} Ba5 {[%emt 0:00:00]} 13. h4 {[%emt 0:00:00]} c6 {[%emt 0:00:00]} 14. Ne3 {[%emt 0:02:00]} g6 {[%emt 0:00:00]} 15. h5 Ke7 {[%emt 0:00:00]} 16. Rad1 {[%emt 0:06:00]} Bb6 {[%emt 0:00:00]} 17. c3 {[%emt 0:01:00]} Bxe3 {[%emt 0:02:00]} 18. Kxe3 {[%emt 0:00:00]} f5 19. hxg6 {[%emt 0:10:00]} hxg6 {[%emt 0:00:00]} 20. exf5 {[%emt 0:00:00]} gxf5 {[%emt 0:00:00]} 21. g3 {[%emt 0:05:00]} Rag8 {[%emt 0:02:00]} 22. b4 {[%emt 0:01:00]} Ke6 {[%emt 0:07:00]} 23. a4 {[%emt 0:02:00]} d5 {[%emt 0:03:00]} 24. b5 {[%emt 0:07:00]} dxc4 {[%emt 0:00:00]} 25. bxc6 {[%emt 0:02:00]} bxc6 26. Rb1 {[%emt 0:06:00]} Rb8 {[%emt 0:05:00]} 27. Rh6+ {[%emt 0:00:00]} Rxh6 {[%emt 0:05:00]} 28. Rxb8 {[%emt 0:06:05]} Rh1 29. Rb7 {[%emt 0:03:07]} Rd1 {[%emt 0:07:00]} 30. Rxa7 {[%emt 0:00:35]} Rd3+ {[%emt 0:00:00]} 31. Ke2 {[%emt 0:00:00]} Rxc3 {[%emt 0:00:00]} 0-1